[Event "XXIX Miedzynarodowy Festiwal Szachowy CRACOVIA-2018 Grupa B"]
[Site "Krakow, Hotel Galaxy, ul. Gesia 22a"]
[Date "2019.01.02"]
[Round "7.27"]
[White "Ilandzis, Spyridon"]
[Black "Butyrowski, Marcel"]
[Result "1-0"]
[WhiteElo "2052"]
[BlackElo "1802"]
[PlyCount "67"]
[EventDate "2019.??.??"]

1. d4 Nf6 2. c4 e6 3. Nf3 b6 4. Nc3 Bb7 5. e3 Be7 6. Bd3 d5 7. cxd5 exd5 8. O-O
O-O 9. b3 c5 10. dxc5 bxc5 11. Bb2 Nc6 12. Qe2 Nb4 13. Bb5 a6 14. Ba4 Qc7 15.
Rfd1 Rfd8 16. Rac1 Rac8 17. Ng5 h6 18. Nh3 Qb8 19. g3 Qa8 20. Nf4 Bd6 21. Qf1
Bxf4 22. gxf4 d4 23. Ne2 Nxa2 24. Ra1 d3 25. Ng3 Nb4 26. Bxf6 gxf6 27. Qh3 Be4
28. Qxh6 Bg6 29. f5 Rc7 30. fxg6 fxg6 31. Bb5 Rh7 32. Qxg6+ Rg7 33. Bc4+ Nd5
34. Qxf6 1-0

[Event "XXIX Miedzynarodowy Festiwal Szachowy CRACOVIA-2018 Grupa B"]
[Site "Krakow, Hotel Galaxy, ul. Gesia 22a"]
[Date "2019.01.02"]
[Round "7.28"]
[White "Shamatava, Nikolozi"]
[Black "Hrymowicz, Artur"]
[Result "1/2-1/2"]
[WhiteElo "1866"]
[BlackElo "2024"]
[PlyCount "54"]
[EventDate "2019.??.??"]

1. d4 Nf6 2. Nf3 b6 3. g3 Bb7 4. Bg2 c5 5. O-O e6 6. c4 cxd4 7. Nxd4 Bxg2 8.
Kxg2 Qc8 9. b3 Qb7+ 10. Kg1 a6 11. Bb2 Be7 12. Nc3 O-O 13. Qd3 d6 14. e4 Nbd7
15. f3 Rfd8 16. Rad1 d5 17. exd5 exd5 18. cxd5 Nxd5 19. Nxd5 Qxd5 20. Kg2 Bf6
21. Qe3 Qh5 22. Rb1 Rac8 23. Rbc1 Nc5 24. Ba1 Re8 25. Qf2 Qg6 26. Qc2 Qxc2+ 27.
Rxc2 Rcd8 1/2-1/2

[Event "XXIX Miedzynarodowy Festiwal Szachowy CRACOVIA-2018 Grupa B"]
[Site "Krakow, Hotel Galaxy, ul. Gesia 22a"]
[Date "2019.01.02"]
[Round "7.29"]
[White "Gorkiewicz, Mateusz"]
[Black "Szczecina, Kamil"]
[Result "0-1"]
[WhiteElo "1838"]
[BlackElo "1986"]
[PlyCount "104"]
[EventDate "2019.??.??"]

1. e4 c5 2. Nf3 e6 3. d4 cxd4 4. Nxd4 a6 5. Bd3 Qc7 6. O-O Nf6 7. Kh1 Be7 8. f4
d6 9. Nc3 Nbd7 10. Bd2 b5 11. b4 Bb7 12. Qe2 O-O 13. a4 bxa4 14. Rxa4 Nb6 15.
Ra3 d5 16. e5 Ne4 17. Nxe4 dxe4 18. Bxe4 Bxe4 19. Qxe4 Qc4 20. Re1 Bxb4 21.
Bxb4 Qxb4 22. Rb3 Qc5 23. Rh3 g6 24. f5 exf5 25. Qh4 h5 26. Nxf5 Qxc2 27. Ne7+
Kh7 28. Qg5 Rg8 29. Qf6 Rg7 30. Qxb6 a5 31. Nd5 Qd2 32. Nf6+ Kh8 33. Rb1 Rd8
34. Rhb3 g5 35. R3b2 Qd3 36. Nxh5 Rg6 37. Nf6 Kg7 38. Qxa5 Rh6 39. Rb3 Qd4 40.
Qe1 Qf4 41. Qg3 Qf5 42. Rc1 Rh4 43. Rf3 Qg6 44. Rcf1 Rhd4 45. Rf5 Qxf5 46. Re1
Rd1 47. Kg1 R8d3 48. Qf2 Qxe5 49. Nh5+ Kg6 50. Qb6+ Kxh5 51. g4+ Kxg4 52. h3+
Kh5 0-1

[Event "XXIX Miedzynarodowy Festiwal Szachowy CRACOVIA-2018 Grupa B"]
[Site "Krakow, Hotel Galaxy, ul. Gesia 22a"]
[Date "2019.01.02"]
[Round "7.31"]
[White "Planeta, Wojciech"]
[Black "Landl, Margot"]
[Result "1-0"]
[WhiteElo "1812"]
[BlackElo "1975"]
[PlyCount "47"]
[EventDate "2019.??.??"]

1. e4 e5 2. Nf3 Nc6 3. Bc4 Bc5 4. O-O Nf6 5. d4 Bxd4 6. Nxd4 Nxd4 7. f4 d6 8.
fxe5 dxe5 9. Bg5 Be6 10. Na3 Qe7 11. c3 Bxc4 12. Bxf6 gxf6 13. Nxc4 Ne6 14. b4
Nf4 15. Ne3 Rg8 16. Kh1 Rd8 17. Qf3 Rd3 18. g3 Ne6 19. Qe2 Rxc3 20. Nd5 Nd4 21.
Qe1 Qd8 22. Qxc3 Rg6 23. Qxc7 Qxc7 24. Nxc7+ 1-0

[Event "XXIX Miedzynarodowy Festiwal Szachowy CRACOVIA-2018 Grupa B"]
[Site "Krakow, Hotel Galaxy, ul. Gesia 22a"]
[Date "2019.01.02"]
[Round "7.32"]
[White "Libura, Julianna"]
[Black "Alothman, Abdul Wahab"]
[Result "0-1"]
[WhiteElo "1587"]
[BlackElo "1965"]
[PlyCount "48"]
[EventDate "2019.??.??"]

1. e4 e6 2. d4 d5 3. Nd2 c5 4. c3 Nf6 5. Bd3 Nc6 6. e5 Nd7 7. Ne2 Qb6 8. Nf3
cxd4 9. cxd4 Bb4+ 10. Bd2 f6 11. exf6 Nxf6 12. O-O O-O 13. Bg5 Bd6 14. Qb1 h6
15. Bxf6 Rxf6 16. Rd1 e5 17. dxe5 Bxe5 18. Nc3 Rxf3 19. gxf3 Nd4 20. Kg2 Qe6
21. Bh7+ Kh8 22. Rxd4 Qh3+ 23. Kg1 Bxh2+ 24. Kh1 Bg3+ 0-1

[Event "XXIX Miedzynarodowy Festiwal Szachowy CRACOVIA-2018 Grupa B"]
[Site "Krakow, Hotel Galaxy, ul. Gesia 22a"]
[Date "2019.01.02"]
[Round "7.34"]
[White "Duda, Lucas"]
[Black "Czaplewska, Klara"]
[Result "1/2-1/2"]
[WhiteElo "1784"]
[BlackElo "1890"]
[PlyCount "78"]
[EventDate "2019.??.??"]

1. e4 e5 2. Nf3 Nc6 3. Bc4 Bc5 4. O-O Nf6 5. d4 Bxd4 6. Nxd4 Nxd4 7. f4 d6 8.
fxe5 dxe5 9. Bg5 Be6 10. Na3 Qd6 11. Bxf6 gxf6 12. c3 Nc6 13. Qxd6 cxd6 14.
Rxf6 Ke7 15. Raf1 Raf8 16. Bd5 a6 17. Nc4 Nd8 18. Ne3 Rfg8 19. R1f2 Rg6 20.
R6f3 f6 21. Kf1 Rf8 22. Ke1 Kd7 23. g3 Ke7 24. Bxe6 Kxe6 25. Rd2 Nf7 26. Nf5
Rd8 27. h4 Rg4 28. Re2 Rg6 29. c4 Rc8 30. b3 Rd8 31. Kf2 h5 32. Rd3 b6 33. Red2
Rg4 34. Kf3 Rg6 35. b4 Rgg8 36. Rd5 Rh8 37. Ng7+ Ke7 38. Nf5+ Ke6 39. Ng7+ Ke7
1/2-1/2

[Event "XXIX Miedzynarodowy Festiwal Szachowy CRACOVIA-2018 Grupa B"]
[Site "Krakow, Hotel Galaxy, ul. Gesia 22a"]
[Date "2019.01.02"]
[Round "7.35"]
[White "Koziorowicz, Michal"]
[Black "Alhejab, Meshal"]
[Result "1-0"]
[WhiteElo "1872"]
[BlackElo "1497"]
[PlyCount "81"]
[EventDate "2019.??.??"]

1. e4 d6 2. d4 Nf6 3. Nc3 Nbd7 4. g4 h6 5. Be3 e5 6. f3 c6 7. Qd2 Qc7 8. O-O-O
Nb6 9. Kb1 Be6 10. Bd3 Nc4 11. Bxc4 Bxc4 12. Nge2 O-O-O 13. dxe5 dxe5 14. Qxd8+
Qxd8 15. Rxd8+ Kxd8 16. Bxa7 c5 17. Bb6+ Kd7 18. Rd1+ Kc6 19. Bd8 Bd6 20. Bxf6
gxf6 21. Ng3 Be6 22. Nd5 Bxd5 23. Rxd5 b6 24. Rd1 c4 25. h4 Bc5 26. h5 b5 27.
c3 Kc7 28. Nf5 Kc6 29. Kc2 Kc7 30. Rd5 Kc6 31. a3 Bf8 32. Rd8 Kc7 33. Re8 Kd7
34. Ra8 Kc6 35. b4 Kb7 36. Re8 Kc7 37. Kb2 Kd7 38. Ra8 Ke6 39. Rb8 Kd7 40. Rxb5
Bd6 41. Rd5 1-0

[Event "XXIX Miedzynarodowy Festiwal Szachowy CRACOVIA-2018 Grupa B"]
[Site "Krakow, Hotel Galaxy, ul. Gesia 22a"]
[Date "2019.01.02"]
[Round "7.36"]
[White "Gulie, Cosmin"]
[Black "Krawczyk, Flawian"]
[Result "1-0"]
[WhiteElo "2055"]
[BlackElo "1641"]
[PlyCount "70"]
[EventDate "2019.??.??"]

1. b4 e5 2. a3 d5 3. Bb2 Bd6 4. Nf3 Qe7 5. e3 Nf6 6. d4 e4 7. Nfd2 O-O 8. c4 c6
9. Be2 Bc7 10. Nc3 Be6 11. Qb3 Nbd7 12. cxd5 cxd5 13. Nb5 Nb6 14. a4 a6 15. Nc3
Bd6 16. Ba3 Nfd7 17. a5 Nc8 18. Na4 Qg5 19. g3 Rb8 20. Nc5 Nxc5 21. bxc5 Bc7
22. Qc3 Ne7 23. c6 bxc6 24. Qc5 Nf5 25. Qxc6 Bxa5 26. Bxf8 Nxd4 27. Qd6 Rxf8
28. Qa3 Nxe2 29. Kxe2 Bxd2 30. Kxd2 Qf6 31. Qxa6 d4 32. exd4 Rd8 33. Ke1 Qf3
34. Rg1 Bg4 35. h3 e3 1-0

[Event "XXIX Miedzynarodowy Festiwal Szachowy CRACOVIA-2018 Grupa B"]
[Site "Krakow, Hotel Galaxy, ul. Gesia 22a"]
[Date "2019.01.02"]
[Round "7.37"]
[White "Bartoszewicz, Marcin"]
[Black "Jamroz, Krzysztof"]
[Result "1-0"]
[WhiteElo "1853"]
[BlackElo "2036"]
[PlyCount "55"]
[EventDate "2019.??.??"]

1. e4 c5 2. Nf3 e6 3. d4 cxd4 4. Nxd4 a6 5. Bd3 Nf6 6. Nc3 Qc7 7. O-O Be7 8.
Kh1 O-O 9. f4 d6 10. Qe2 Nbd7 11. Bd2 Re8 12. Rae1 g6 13. e5 Nh5 14. Rf3 Nc5
15. Rh3 Ng7 16. Qf2 Bd7 17. Ree3 Bc6 18. Rh6 dxe5 19. Nxc6 bxc6 20. Reh3 Nxd3
21. cxd3 Nh5 22. g4 Bf8 23. gxh5 Bxh6 24. hxg6 Bxf4 25. Rxh7 Qd8 26. Bxf4 exf4
27. Qxf4 f5 28. Qe5 1-0

[Event "XXIX Miedzynarodowy Festiwal Szachowy CRACOVIA-2018 Grupa B"]
[Site "Krakow, Hotel Galaxy, ul. Gesia 22a"]
[Date "2019.01.02"]
[Round "7.38"]
[White "Wojciechowski, Beniamin"]
[Black "Holzleithner, Johannes"]
[Result "0-1"]
[WhiteElo "1845"]
[BlackElo "2008"]
[PlyCount "54"]
[EventDate "2019.??.??"]

1. e4 e6 2. d4 d5 3. e5 c5 4. f4 cxd4 5. Nf3 Nc6 6. a3 Bc5 7. Bd3 Nh6 8. b4 Bb6
9. Qe2 a5 10. b5 Ne7 11. a4 Nef5 12. O-O Ne3 13. Re1 Bd7 14. Kh1 Rc8 15. c3
Nhf5 16. g4 Nxg4 17. Nxd4 Qh4 18. Rg1 Nf2+ 19. Kg2 Nxd4 20. cxd4 Bxd4 21. Be3
Nxd3 22. Qxd3 Qg4+ 23. Kf2 Qxf4+ 24. Ke2 Qxh2+ 25. Kd1 Bxe3 26. Qxe3 Qc2+ 27.
Ke1 Qb2 0-1

[Event "XXIX Miedzynarodowy Festiwal Szachowy CRACOVIA-2018 Grupa B"]
[Site "Krakow, Hotel Galaxy, ul. Gesia 22a"]
[Date "2019.01.02"]
[Round "7.39"]
[White "Wiejaczka, Bartlomiej"]
[Black "Kostecka, Marika"]
[Result "1-0"]
[WhiteElo "2006"]
[BlackElo "1808"]
[PlyCount "61"]
[EventDate "2019.??.??"]

1. d4 Nf6 2. Nf3 g6 3. c4 Bg7 4. Nc3 O-O 5. e4 d6 6. Be2 Na6 7. O-O e5 8. d5
Nc5 9. Qc2 a5 10. Ne1 Nfd7 11. Be3 f5 12. f3 f4 13. Bf2 g5 14. b3 h5 15. a3 b6
16. Rc1 Nf6 17. b4 axb4 18. axb4 Nb7 19. Nd3 g4 20. c5 bxc5 21. bxc5 dxc5 22.
Nxe5 Nh7 23. Ng6 Re8 24. Nxf4 Bh6 25. g3 Ng5 26. fxg4 hxg4 27. Be3 Nd6 28. Bxc5
Ndxe4 29. Bd4 Qd6 30. Bd3 Bf5 31. Rce1 1-0

[Event "XXIX Miedzynarodowy Festiwal Szachowy CRACOVIA-2018 Grupa B"]
[Site "Krakow, Hotel Galaxy, ul. Gesia 22a"]
[Date "2019.01.02"]
[Round "7.40"]
[White "Niedbala, Bartlomiej"]
[Black "Kozlowski, Michal"]
[Result "1-0"]
[WhiteElo "1973"]
[BlackElo "1812"]
[PlyCount "103"]
[EventDate "2019.??.??"]

1. d4 d5 2. Bf4 Nf6 3. e3 c5 4. c3 Nc6 5. Nf3 e6 6. Nbd2 cxd4 7. exd4 Bd6 8.
Bg3 O-O 9. Bd3 Re8 10. Ne5 Bxe5 11. dxe5 Nd7 12. Nf3 f6 13. Qe2 Ndxe5 14. Nxe5
Nxe5 15. Bxe5 fxe5 16. Qxe5 Qf6 17. f4 Bd7 18. O-O Qxe5 19. fxe5 a6 20. Kf2 Bb5
21. Ke3 Bxd3 22. Kxd3 Rf8 23. Kd4 Rac8 24. b3 Rf7 25. Rxf7 Kxf7 26. a4 Ke7 27.
Rf1 b6 28. g4 h6 29. h4 Rb8 30. Rf4 Rh8 31. Rf2 Rb8 32. g5 hxg5 33. hxg5 g6 34.
Rh2 Rf8 35. Rh7+ Kd8 36. Rb7 Rf4+ 37. Ke3 Re4+ 38. Kd3 Rxe5 39. Rxb6 Kd7 40.
Rxa6 Rxg5 41. a5 e5 42. b4 Rg3+ 43. Kc2 Rg2+ 44. Kb3 e4 45. Ra7+ Ke6 46. a6 Rg1
47. Ra8 Ra1 48. a7 e3 49. Re8+ Kf5 50. a8=Q Rxa8 51. Rxa8 e2 52. Re8 1-0

[Event "XXIX Miedzynarodowy Festiwal Szachowy CRACOVIA-2018 Grupa B"]
[Site "Krakow, Hotel Galaxy, ul. Gesia 22a"]
[Date "2019.01.02"]
[Round "7.41"]
[White "Serra Azul Neto, Francisco"]
[Black "Raclawicki, Kacper"]
[Result "1-0"]
[WhiteElo "1915"]
[BlackElo "1794"]
[PlyCount "71"]
[EventDate "2019.??.??"]

1. d4 f5 2. Bg5 Nf6 3. Bxf6 exf6 4. e3 d5 5. Bd3 Be6 6. Ne2 Bd6 7. Nd2 O-O 8.
c4 dxc4 9. Nxc4 Bb4+ 10. Nc3 c5 11. a3 cxd4 12. axb4 dxc3 13. bxc3 Qc7 14. Qe2
Rc8 15. Rd1 Na6 16. O-O b5 17. Nd6 Qxd6 18. Bxb5 Qe5 19. Bxa6 Rxc3 20. Rd4 Re8
21. Rfd1 Bb3 22. Qb2 Bxd1 23. Qxc3 Bh5 24. Qc5 f4 25. Bc4+ Kh8 26. Qxe5 fxe5
27. Rd7 h6 28. Rxa7 Rc8 29. g4 Bxg4 30. Bf1 Rc1 31. Ra8+ Kh7 32. Kg2 f3+ 33.
Kg3 h5 34. Bd3+ Kh6 35. Ra6+ g6 36. Rxg6+ 1-0

[Event "XXIX Miedzynarodowy Festiwal Szachowy CRACOVIA-2018 Grupa B"]
[Site "Krakow, Hotel Galaxy, ul. Gesia 22a"]
[Date "2019.01.02"]
[Round "7.43"]
[White "Kawula, Andrzej"]
[Black "Kaniak, Justyna"]
[Result "0-1"]
[WhiteElo "1902"]
[BlackElo "1729"]
[PlyCount "66"]
[EventDate "2019.??.??"]

1. d4 c5 2. e3 Nf6 3. c4 e6 4. Nc3 cxd4 5. exd4 d5 6. c5 Be7 7. Nf3 O-O 8. Bd3
Nc6 9. O-O b6 10. cxb6 Qxb6 11. b3 Bb7 12. Bg5 Rac8 13. Na4 Qd8 14. Rc1 Ne4 15.
Bxe4 dxe4 16. Nc5 exf3 17. Nxb7 Qd5 18. Bxe7 fxg2 19. Bxf8 gxf1=Q+ 20. Qxf1
Rxf8 21. Qc4 Qg5+ 22. Kf1 Nxd4 23. Rc3 e5 24. Nd6 Qh6 25. Qd5 Qf6 26. Ne4 Qa6+
27. Rc4 Qxa2 28. Rc3 Qe2+ 29. Kg2 Qh5 30. Rg3 Kh8 31. Rg5 Qf3+ 32. Kg1 Rc8 33.
Nc3 Qxc3 0-1

[Event "XXIX Miedzynarodowy Festiwal Szachowy CRACOVIA-2018 Grupa B"]
[Site "Krakow, Hotel Galaxy, ul. Gesia 22a"]
[Date "2019.01.02"]
[Round "7.44"]
[White "Dziewonski, Dariusz"]
[Black "Panek, Bartosz"]
[Result "1/2-1/2"]
[WhiteElo "1757"]
[BlackElo "1871"]
[PlyCount "80"]
[EventDate "2019.??.??"]

1. c4 Nf6 2. g3 e5 3. Bg2 c6 4. d4 exd4 5. Qxd4 d5 6. Nf3 dxc4 7. Qxd8+ Kxd8 8.
O-O Bd6 9. Nbd2 c3 10. bxc3 Ke7 11. Nc4 Bc5 12. Nd4 Be6 13. Nxe6 fxe6 14. Rb1
b6 15. Bg5 h6 16. Bf4 Rc8 17. Rbd1 Nd5 18. Be5 b5 19. Nd2 g5 20. Ne4 Nd7 21.
Bg7 h5 22. Bh6 g4 23. Bc1 Kf7 24. Bb2 Kg6 25. Rc1 Rab8 26. Ba1 Ba3 27. Rc2 N7b6
28. Bb2 Bxb2 29. Rxb2 Nc4 30. Rc2 c5 31. Rd1 Nf6 32. Rd3 Nxe4 33. Bxe4+ Kf6 34.
Rc1 Rc7 35. e3 Ke7 36. Kf1 Rb6 37. Ke2 Ra6 38. Rc2 Ra4 39. Bg2 Rc8 40. Rd1 a6
1/2-1/2

[Event "XXIX Miedzynarodowy Festiwal Szachowy CRACOVIA-2018 Grupa B"]
[Site "Krakow, Hotel Galaxy, ul. Gesia 22a"]
[Date "2019.01.02"]
[Round "7.45"]
[White "Zechner, Andrea"]
[Black "Rogala, Milosz"]
[Result "1/2-1/2"]
[WhiteElo "1859"]
[BlackElo "1738"]
[PlyCount "72"]
[EventDate "2019.??.??"]

1. d4 d5 2. c4 c6 3. Nf3 Nf6 4. Nc3 e6 5. e3 Nbd7 6. Bd3 dxc4 7. Bxc4 b5 8. Bd3
Bb7 9. O-O a6 10. e4 c5 11. d5 exd5 12. exd5 Be7 13. Re1 O-O 14. Bf4 Re8 15. d6
Bf8 16. Ng5 Rxe1+ 17. Qxe1 h6 18. Nge4 c4 19. Bc2 Qb6 20. Rd1 Re8 21. Nxf6+
Nxf6 22. Qd2 b4 23. Na4 Qc6 24. f3 Nd5 25. Be4 Qxa4 26. Bxd5 Bxd5 27. Qxd5 Qc2
28. Qd2 Qxd2 29. Rxd2 Rd8 30. d7 c3 31. bxc3 bxc3 32. Rd3 c2 33. Kf1 Bb4 34.
Ke2 Kf8 35. Bd2 Bxd2 36. Kxd2 Ke7 1/2-1/2

[Event "XXIX Miedzynarodowy Festiwal Szachowy CRACOVIA-2018 Grupa B"]
[Site "Krakow, Hotel Galaxy, ul. Gesia 22a"]
[Date "2019.01.02"]
[Round "7.46"]
[White "Buchta, Agnieszka"]
[Black "Kalkowski, Igor"]
[Result "1/2-1/2"]
[WhiteElo "1856"]
[BlackElo "1716"]
[PlyCount "86"]
[EventDate "2019.??.??"]

1. e4 g6 2. d4 Bg7 3. Nc3 c5 4. Nf3 cxd4 5. Nxd4 Nc6 6. Nb3 Nf6 7. Be2 O-O 8.
O-O d6 9. Re1 Be6 10. Bg5 Rc8 11. Bf1 Ne5 12. Nd5 Bxd5 13. exd5 h6 14. Bxf6
Bxf6 15. c3 Qb6 16. h3 a5 17. Re4 Ra8 18. a4 Rfc8 19. Bb5 Rc7 20. Qe2 Rac8 21.
Rd1 Kg7 22. Nd2 h5 23. Nf3 Nd7 24. Bxd7 Rxd7 25. Nd4 Rdc7 26. Nb5 Rc5 27. g3
Be5 28. Kg2 Qd8 29. f4 Bf6 30. g4 hxg4 31. hxg4 g5 32. f5 Qd7 33. Qd3 Rh8 34.
Re3 Be5 35. Rh3 Rcc8 36. Rdh1 Rcd8 37. Qe4 Qc8 38. Qd3 Rxh3 39. Rxh3 Rh8 40.
Rxh8 Qxh8 41. Qh3 Qc8 42. Qd3 Qh8 43. Qh3 Qc8 1/2-1/2

[Event "XXIX Miedzynarodowy Festiwal Szachowy CRACOVIA-2018 Grupa B"]
[Site "Krakow, Hotel Galaxy, ul. Gesia 22a"]
[Date "2019.01.02"]
[Round "7.47"]
[White "Slezinski, Nikodem"]
[Black "Mirowska, Oliwia"]
[Result "1-0"]
[WhiteElo "2074"]
[BlackElo "1720"]
[PlyCount "39"]
[EventDate "2019.??.??"]

1. e4 d6 2. Nc3 g6 3. Bc4 Nf6 4. d3 c6 5. Bb3 Nbd7 6. a3 Bg7 7. f4 O-O 8. Nf3
b5 9. O-O a6 10. Qe1 Ne8 11. Qh4 Nc5 12. Ba2 Nc7 13. f5 d5 14. Bh6 e6 15. Ng5
f6 16. Bxg7 fxg5 17. Qh6 Rf7 18. Bd4 Qe7 19. fxg6 hxg6 20. Qh8# 1-0

[Event "XXIX Miedzynarodowy Festiwal Szachowy CRACOVIA-2018 Grupa B"]
[Site "Krakow, Hotel Galaxy, ul. Gesia 22a"]
[Date "2019.01.02"]
[Round "7.48"]
[White "Czyzykiewicz, Rafal"]
[Black "Kosturkiewicz, Jacek"]
[Result "1/2-1/2"]
[WhiteElo "1730"]
[BlackElo "1972"]
[PlyCount "110"]
[EventDate "2019.??.??"]

1. e4 c5 2. Nf3 d6 3. d4 cxd4 4. Nxd4 Nf6 5. Nc3 g6 6. Be3 Bg7 7. f3 Nc6 8. Qd2
O-O 9. O-O-O Nxd4 10. Bxd4 Be6 11. Kb1 Qc7 12. h4 Rfc8 13. h5 Qa5 14. hxg6 fxg6
15. a3 Rc6 16. Bb5 Rxc3 17. a4 a6 18. Bxc3 Qc7 19. Bd3 b5 20. g4 bxa4 21. g5
Nh5 22. Bxg7 Kxg7 23. Qc3+ Qxc3 24. bxc3 a3 25. c4 Rc8 26. Ka2 Bxc4+ 27. Kxa3
Rc5 28. Bxc4 Rxc4 29. Kb3 Rc6 30. Rh2 h6 31. gxh6+ Kxh6 32. f4 Rc5 33. Rd5 Rxd5
34. exd5 Kg7 35. Rf2 Kf6 36. c4 Kf5 37. Re2 Nxf4 38. Rxe7 g5 39. Rd7 g4 40.
Rxd6 g3 41. Rxa6 g2 42. Ra1 Ne2 43. Kb4 g1=Q 44. Rxg1 Nxg1 45. Kc5 Ke5 46. d6
Nf3 47. d7 Ng5 48. Kc6 Ne6 49. c5 Nd8+ 50. Kc7 Ne6+ 51. Kb6 Kd5 52. c6 Kd6 53.
d8=N Nxd8 54. c7 Kd7 55. cxd8=Q+ Kxd8 1/2-1/2

[Event "XXIX Miedzynarodowy Festiwal Szachowy CRACOVIA-2018 Grupa B"]
[Site "Krakow, Hotel Galaxy, ul. Gesia 22a"]
[Date "2019.01.02"]
[Round "7.49"]
[White "Furtak, Joanna"]
[Black "Kruczynski, Marek"]
[Result "1/2-1/2"]
[WhiteElo "1888"]
[BlackElo "1744"]
[PlyCount "106"]
[EventDate "2019.??.??"]

1. d4 Nf6 2. Nc3 c5 3. d5 g6 4. Nf3 Bg7 5. e4 d6 6. Be2 O-O 7. O-O a6 8. a4 b6
9. h3 Bb7 10. Bg5 Qc7 11. Qd2 Rd8 12. Rfd1 Nbd7 13. Nh2 Nf8 14. Qf4 Ne8 15. Ng4
f6 16. Bh6 Rab8 17. Bxg7 Kxg7 18. Qh6+ Kg8 19. h4 Ng7 20. Qf4 Ne8 21. Rd3 Bc8
22. Nh6+ Kg7 23. g4 c4 24. Rg3 b5 25. g5 b4 26. Nd1 a5 27. Ne3 c3 28. bxc3 bxc3
29. Nd1 Rb4 30. Rxc3 Qb7 31. Qf3 Bd7 32. Rca3 Rc8 33. c3 Rb3 34. Qd3 Rxa3 35.
Rxa3 Rb8 36. Kg2 Qb6 37. Ng4 Bc8 38. Nge3 Nd7 39. Nc4 Qc7 40. f4 Nc5 41. Qc2 f5
42. e5 e6 43. dxe6 Bb7+ 44. Bf3 Bxf3+ 45. Kxf3 Qc6+ 46. Ke3 Nxe6 47. Rb3 Qc5+
48. Kd2 Qxc4 49. Rxb8 Qxf4+ 50. Ne3 Qf2+ 51. Kd1 Qg1+ 52. Kd2 Qf2+ 53. Kd1 Qg1+
1/2-1/2

[Event "XXIX Miedzynarodowy Festiwal Szachowy CRACOVIA-2018 Grupa B"]
[Site "Krakow, Hotel Galaxy, ul. Gesia 22a"]
[Date "2019.01.02"]
[Round "7.50"]
[White "Gorecki, Grzegorz"]
[Black "Wnek, Filip"]
[Result "1-0"]
[WhiteElo "1867"]
[BlackElo "1735"]
[PlyCount "59"]
[EventDate "2019.??.??"]

1. d4 f5 2. c4 Nf6 3. Nf3 d6 4. Nc3 g6 5. g3 Bg7 6. Bg2 O-O 7. O-O c6 8. Qc2
Qe8 9. b3 e5 10. dxe5 dxe5 11. Ba3 Rf7 12. Rad1 Na6 13. Bd6 Nd7 14. e3 h6 15.
Rd2 b6 16. Rfd1 Bb7 17. Nh4 Kh7 18. g4 Qe6 19. gxf5 gxf5 20. Nxf5 Rxf5 21. Be4
Kg6 22. Ba3 Nf6 23. Rd6 Qc8 24. Kh1 c5 25. Bxb7 Qxb7+ 26. Nd5 Kg5 27. h4+ Kxh4
28. Qxf5 Ng4 29. Kg2 Nh2 30. Rh1 1-0

[Event "XXIX Miedzynarodowy Festiwal Szachowy CRACOVIA-2018 Grupa B"]
[Site "Krakow, Hotel Galaxy, ul. Gesia 22a"]
[Date "2019.01.02"]
[Round "7.53"]
[White "Seregina, Maria"]
[Black "Szlosarczyk, Hubert"]
[Result "1-0"]
[WhiteElo "1907"]
[BlackElo "1600"]
[PlyCount "83"]
[EventDate "2019.??.??"]

1. f4 Nf6 2. Nf3 g6 3. g3 Bg7 4. Bg2 O-O 5. d3 d6 6. e4 c5 7. O-O Nc6 8. c3 b5
9. Nh4 Nd7 10. Na3 Rb8 11. Bd2 a5 12. e5 Qb6 13. exd6 exd6 14. Kh1 a4 15. f5
Nf6 16. Bg5 Na5 17. Nc2 Bb7 18. Ne3 Bxg2+ 19. Nhxg2 Qc6 20. Kg1 d5 21. b4 Nb7
22. Qf3 cxb4 23. cxb4 Ne4 24. dxe4 dxe4 25. Qf2 Bxa1 26. Rxa1 f6 27. Bh6 Rf7
28. Qf4 Qd6 29. Qg4 Qd4 30. Rd1 Qb2 31. fxg6 Re7 32. Nf5 Rc7 33. Bf4 Rbc8 34.
gxh7+ Kxh7 35. Qh5+ Kg8 36. Bxc7 Rxc7 37. Qe8+ Kh7 38. Rd7+ Rxd7 39. Qxd7+ Kg6
40. Ngh4+ Kh5 41. Qd1+ Kg5 42. h3 1-0

[Event "XXIX Miedzynarodowy Festiwal Szachowy CRACOVIA-2018 Grupa B"]
[Site "Krakow, Hotel Galaxy, ul. Gesia 22a"]
[Date "2019.01.02"]
[Round "7.58"]
[White "Pilch, Anna"]
[Black "Zielinski, Marcin"]
[Result "1/2-1/2"]
[WhiteElo "1838"]
[BlackElo "1576"]
[PlyCount "65"]
[EventDate "2019.??.??"]

1. e4 c6 2. d4 d5 3. Nc3 dxe4 4. Nxe4 Bf5 5. Ng3 Bg6 6. Nf3 Nd7 7. Bd3 Bxd3 8.
Qxd3 Qc7 9. O-O e6 10. Re1 Ngf6 11. a4 Bd6 12. Nf5 O-O 13. Nxd6 Qxd6 14. Ne5
Nxe5 15. Rxe5 Rad8 16. Be3 Ng4 17. Rh5 g6 18. Rh4 Nxe3 19. fxe3 e5 20. Rd1 Qf6
21. Rh3 exd4 22. exd4 Rd5 23. Qe3 Rfd8 24. c3 c5 25. Rf1 cxd4 26. Rxf6 dxe3 27.
Rxe3 Rd1+ 28. Kf2 R1d2+ 29. Re2 Kg7 30. Rf4 f5 31. Rc4 Rxe2+ 32. Kxe2 Rd7 33.
b4 1/2-1/2

[Event "XXIX Miedzynarodowy Festiwal Szachowy CRACOVIA-2018 Grupa B"]
[Site "Krakow, Hotel Galaxy, ul. Gesia 22a"]
[Date "2019.??.??"]
[Round "7.20"]
[White "Slabek, Grzegorz"]
[Black "Zelak, Wladyslaw"]
[Result "1-0"]
[WhiteElo "1967"]
[BlackElo "1833"]
[PlyCount "120"]
[EventDate "2019.??.??"]

1. Nf3 Nf6 2. d4 d5 3. e3 e6 4. Be2 Be7 5. O-O O-O 6. b3 c5 7. Bb2 Nc6 8. a3 b6
9. Nbd2 Bb7 10. c4 Rc8 11. Rc1 Qc7 12. cxd5 exd5 13. dxc5 bxc5 14. Qc2 Qd6 15.
Rfd1 h6 16. Bd3 Nd8 17. Bf5 Ne6 18. Nc4 Qa6 19. Nce5 Rfd8 20. Qb1 Ne4 21. Nd2
Qe2 22. Nxe4 dxe4 23. Ng6 Bf8 24. Nxf8 Kxf8 25. Qa1 Qa6 26. Bxe6 Qxe6 27. Bxg7+
Kg8 28. Rxd8+ Rxd8 29. Qf6 Qd5 30. h3 Rd6 31. Qc3 Qg5 32. Be5 Rd3 33. Qxc5 Rd5
34. Qxa7 Qxe5 35. Qxb7 Rd2 36. Qc8+ Kh7 37. Qg4 Rb2 38. Qf4 Qxf4 39. exf4 Rxb3
40. Ra1 Rb5 41. a4 Ra5 42. Kf1 Kg6 43. Ke2 f5 44. Ke3 Kf6 45. Kd4 Ke6 46. Kc4
Kd6 47. Kb4 Rd5 48. a5 Kc7 49. a6 Kb8 50. Ra5 Rd2 51. Rxf5 Rxf2 52. g3 Ra2 53.
Rf6 h5 54. g4 h4 55. Rh6 e3 56. Rxh4 Rxa6 57. Rh8+ Kc7 58. Re8 Rb6+ 59. Kc4 Ra6
60. Kb4 Rb6+ 1-0

[Event "XXIX Miedzynarodowy Festiwal Szachowy CRACOVIA-2018 Grupa B"]
[Site "Krakow, Hotel Galaxy, ul. Gesia 22a"]
[Date "2019.??.??"]
[Round "7.42"]
[White "Lobunets, Vladimir"]
[Black "Wilk, Tomasz"]
[Result "0-1"]
[WhiteElo "1801"]
[BlackElo "1911"]
[PlyCount "150"]
[EventDate "2019.??.??"]

1. d4 Nf6 2. Bf4 g6 3. Nf3 Bg7 4. c4 c5 5. e3 O-O 6. Bd3 d5 7. O-O cxd4 8. Nxd4
Qb6 9. Qb3 Qxb3 10. axb3 Bd7 11. Nc3 Nc6 12. Nf3 Nb4 13. Be2 a6 14. Ne5 Be6 15.
Ra4 Nc6 16. Nxc6 bxc6 17. Rfa1 Rab8 18. Bxb8 Rxb8 19. Rxa6 Rxb3 20. Rxc6 Rxb2
21. Rb1 Rc2 22. cxd5 Nxd5 23. Nxd5 Rxe2 24. Nxe7+ Kf8 25. Nc8 Be5 26. Nd6 Ba2
27. Rf1 Kg7 28. Nb5 Rd2 29. g3 Be6 30. h4 Bd5 31. Rcc1 Bxg3 32. Rcd1 Bxf2+ 33.
Rxf2 Rxd1+ 34. Kh2 h5 35. Nc3 Rh1+ 36. Kg3 Be6 37. Rh2 Rg1+ 38. Rg2 Rc1 39. Ne2
Re1 40. Kf2 Ra1 41. Nd4 Bg4 42. Kg3 Re1 43. Nc2 Rd1 44. Rh2 f6 45. Nd4 g5 46.
hxg5 fxg5 47. Rf2 Rd3 48. Nf5+ Bxf5 49. Rxf5 Kg6 50. Re5 Ra3 51. Kf3 Ra1 52.
Re8 g4+ 53. Kf4 Rf1+ 54. Kg3 Rf3+ 55. Kg2 Kg5 56. e4 Kh4 57. e5 Ra3 58. e6 Ra2+
59. Kf1 Kg3 60. Rd8 Rf2+ 61. Ke1 Rf6 62. Rd6 Rf8 63. e7 Re8 64. Re6 Kg2 65. Kd2
g3 66. Re2+ Kg1 67. Re4 h4 68. Rxh4 Rxe7 69. Rh6 g2 70. Rh5 Kf2 71. Rf5+ Kg3
72. Rg5+ Kf3 73. Rg8 Re4 74. Kd3 Rg4 75. Rf8+ Kg3 0-1